[Event "Rio Negro Litoral op"]
[Site "Rio Negro"]
[Date "2022.08.07"]
[Round "4"]
[White "Manzanares, Richard"]
[Black "Garcia Martinez, Alvaro"]
[Result "0-1"]
[WhiteElo "1887"]
[BlackElo "2016"]
[PlyCount "43"]
[EventDate "2022.08.06"]
[EventType "swiss"]
[EventRounds "5"]
[EventCountry "URU"]
[SourceTitle "EXT 2023"]
[Source "ChessBase"]
[SourceDate "2022.10.05"]
[SourceVersion "1"]
[SourceVersionDate "2022.10.05"]
[SourceQuality "1"]

1. d4 d5 2. e4 dxe4 3. Nc3 Nf6 4. Bg5 Nbd7 5. Qe2 c6 6. Nxe4 Nxe4 7. Qxe4 Qa5+ 8. Bd2 Qb6 9. 0-0-0 Nf6 10. Qe3 Bf5 11. Bc4 e6 12. h3 Nd5 13. Bxd5 cxd5 14. Nf3 Rc8 15. c3 Qa6 16. Nh4 Be4 17. f3 Bd3 18. Be1 Bc4 19. b3 Qxa2 20. b4 Bxb4 21. Rd3 Ba3+ 22. Kd1 0-1

[Event "Las Canas op"]
[Site "Las Canas"]
[Date "2020.01.10"]
[Round "2"]
[White "Manzanares, Richard"]
[Black "Diaz Hollemaert, Nahuel Carlos"]
[Result "0-1"]
[WhiteElo "1903"]
[BlackElo "2447"]
[PlyCount "39"]
[EventDate "2020.01.10"]
[EventType "swiss"]
[EventRounds "5"]
[EventCountry "URU"]
[SourceTitle "CBM 194 Extra"]
[Source "ChessBase"]
[SourceDate "2020.03.31"]
[SourceVersion "1"]
[SourceVersionDate "2020.03.31"]
[SourceQuality "1"]

1. d4 Nf6 2. Nc3 d5 3. e4 dxe4 4. Bg5 c6 5. f3 exf3 6. Nxf3 Bg4 7. Be2 Bxf3 8. Bxf3 e6 9. 0-0 Be7 10. Qd3 Nbd7 11. Rad1 0-0 12. Kh1 Qc7 13. Be2 Rad8 14. Qh3 Rfe8 15. Bd3 Nf8 16. Rf4 Nd5 17. Nxd5 Rxd5 18. Bxe7 Qxf4 19. Bxf8 Kxf8 20. Qxh7 0-1

[Event "Latin Cup"]
[Site "Montevideo"]
[Date "2011.11.05"]
[Round "7"]
[White "Manzanares, Richard"]
[Black "Ottonelo Gandarias, Marcos"]
[Result "1-0"]
[WhiteElo "1897"]
[BlackElo "1749"]
[PlyCount "35"]
[EventDate "2011.11.01"]
[EventType "swiss"]
[EventRounds "9"]
[EventCountry "URU"]
[SourceTitle "EXT 2012"]
[Source "ChessBase"]
[SourceDate "2011.11.24"]
[SourceVersion "1"]
[SourceVersionDate "2011.11.24"]
[SourceQuality "1"]

1. d4 d5 2. Nf3 Nf6 3. Bf4 Bf5 4. e3 h6 5. Bd3 Bxd3 6. Qxd3 c6 7. Nbd2 e6 8. 0-0-0 Bd6 9. Ne5 Nbd7 10. Nxf7 Kxf7 11. Bxd6 Re8 12. g4 e5 13. dxe5 Nxg4 14. Qf5+ Ngf6 15. exf6 Nxf6 16. Ba3 b5 17. Rhg1 Qc7 18. Qg6+ 1-0

[Event "Latin Cup"]
[Site "Montevideo"]
[Date "2011.11.02"]
[Round "2"]
[White "Rey Besada, Fernando"]
[Black "Manzanares, Richard"]
[Result "0-1"]
[WhiteElo "1810"]
[BlackElo "1897"]
[PlyCount "92"]
[EventDate "2011.11.01"]
[EventType "swiss"]
[EventRounds "9"]
[EventCountry "URU"]
[SourceTitle "EXT 2012"]
[Source "ChessBase"]
[SourceDate "2011.11.24"]
[SourceVersion "1"]
[SourceVersionDate "2011.11.24"]
[SourceQuality "1"]

1. e4 e6 2. d4 d5 3. Nd2 dxe4 4. Nxe4 Nd7 5. Nf3 Ngf6 6. Bg5 Be7 7. Nxf6+ Bxf6 8. Bf4 c5 9. Be3 0-0 10. Bc4 b5 11. Be2 a6 12. dxc5 Bxb2 13. Rb1 Bc3+ 14. Nd2 Bb7 15. 0-0 Qc7 16. Nb3 Rfc8 17. Bf3 b4 18. Bxb7 Qxb7 19. Qh5 a5 20. Nc1 g6 21. Qg5 Bf6 22. Qf4 Qd5 23. Nb3 Be5 24. Qg5 f6 25. Qg4 a4 26. Rfd1 Qc6 27. Nd4 Bxd4 28. Bxd4 e5 29. Be3 f5 30. Qc4+ Kh8 31. Rd6 Qxd6 32. Qxb4 Nxc5 33. Re1 f4 34. Bc1 Qd5 35. Rxe5 Nd3 36. Rxd5 Nxb4 37. Bb2+ Kg8 38. Rd2 Rxc2 39. Rxc2 Nxc2 40. h3 Rd8 41. Be5 Nb4 42. a3 Nc2 43. Bxf4 Nxa3 44. Be5 Nc2 45. Kf1 a3 46. Ke2 Re8 0-1

[Event "Latin Cup"]
[Site "Montevideo"]
[Date "2011.11.01"]
[Round "1"]
[White "Manzanares, Richard"]
[Black "Valdes Escobar, Alvaro Daniel"]
[Result "0-1"]
[WhiteElo "1897"]
[BlackElo "2385"]
[PlyCount "56"]
[EventDate "2011.11.01"]
[EventType "swiss"]
[EventRounds "9"]
[EventCountry "URU"]
[SourceTitle "EXT 2012"]
[Source "ChessBase"]
[SourceDate "2011.11.24"]
[SourceVersion "1"]
[SourceVersionDate "2011.11.24"]
[SourceQuality "1"]

1. d4 Nf6 2. Nc3 d5 3. e4 dxe4 4. Bg5 Bf5 5. Bxf6 exf6 6. Qe2 c6 7. 0-0-0 Bb4 8. Nxe4 0-0 9. Qf3 Qd5 10. Nc3 Bxc3 11. Qxc3 Qxa2 12. Bc4 Qa4 13. Bb3 Qb5 14. Qf3 Na6 15. d5 Bd7 16. Ne2 Nc5 17. Nd4 Nxb3+ 18. Nxb3 Rad8 19. Rd3 cxd5 20. Rxd5 Qb6 21. Rhd1 Bc6 22. Rxd8 Bxf3 23. Rxf8+ Kxf8 24. gxf3 Qxf2 25. Nd4 Qxh2 26. Kb1 g6 27. Rd3 h5 28. Re3 Qg1+ 0-1

[Event "URU-ch sf"]
[Site "Montevideo"]
[Date "2010.03.29"]
[Round "7"]
[White "Manzanares, Richard"]
[Black "De Leon, Patricia O"]
[Result "0-1"]
[WhiteElo "1906"]
[BlackElo "1738"]
[PlyCount "78"]
[EventDate "2010.03.26"]
[EventType "swiss"]
[EventRounds "9"]
[EventCountry "URU"]
[SourceTitle "EXT 2013"]
[Source "ChessBase"]
[SourceDate "2012.11.22"]
[SourceVersion "1"]
[SourceVersionDate "2012.11.22"]
[SourceQuality "1"]

1. d4 d5 2. e4 e6 3. Nc3 Bb4 4. e5 Ne7 5. a3 Bxc3+ 6. bxc3 b6 7. Bd3 Ba6 8. Qg4 Ng6 9. Nf3 Bxd3 10. cxd3 Nc6 11. Ng5 Qd7 12. 0-0 0-0-0 13. a4 h6 14. Nf3 Kb7 15. Nd2 a5 16. Nb3 Ka7 17. Be3 Rb8 18. Rfb1 Rhd8 19. Qd1 Nge7 20. Rb2 Nf5 21. Rab1 f6 22. exf6 gxf6 23. Na1 Rg8 24. Qb3 Nh4 25. f4 Nf5 26. Bf2 Qd6 27. Qb5 Nce7 28. g3 h5 29. Kh1 h4 30. Rg1 hxg3 31. hxg3 Rh8+ 32. Kg2 Rbg8 33. Kf1 Rh3 34. c4 dxc4 35. Qxc4 Nd5 36. Nc2 Rhxg3 37. Rh1 Qxf4 38. Ke1 Qc1+ 39. Ke2 Nf4# 0-1

[Event "URU-ch sf"]
[Site "Montevideo"]
[Date "2010.03.27"]
[Round "3"]
[White "Manzanares, Richard"]
[Black "Lopez Falcon, Jorge"]
[Result "1-0"]
[WhiteElo "1906"]
[BlackElo "2163"]
[PlyCount "153"]
[EventDate "2010.03.26"]
[EventType "swiss"]
[EventRounds "9"]
[EventCountry "URU"]
[SourceTitle "EXT 2013"]
[Source "ChessBase"]
[SourceDate "2012.11.22"]
[SourceVersion "1"]
[SourceVersionDate "2012.11.22"]
[SourceQuality "1"]

1. d4 Nf6 2. Nf3 g6 3. Nc3 Bg7 4. e4 d6 5. Bc4 0-0 6. 0-0 c6 7. a4 d5 8. exd5 Nxd5 9. Nxd5 cxd5 10. Bb3 Nc6 11. c3 Bg4 12. h3 Bxf3 13. Qxf3 e6 14. Bc2 Rc8 15. Bd3 Na5 16. Rb1 Nb3 17. Bf4 a6 18. Qd1 Na5 19. Qd2 Nc4 20. Bxc4 Rxc4 21. b3 Rc6 22. Rfc1 Qd7 23. Rc2 Rfc8 24. Rbc1 Qe7 25. Qd3 h6 26. c4 dxc4 27. Rxc4 Qd7 28. Rxc6 Rxc6 29. Rxc6 Qxc6 30. Be3 b5 31. axb5 axb5 32. Qd2 Qd5 33. Qc3 Kh7 34. Kh2 Bf8 35. Bf4 Bg7 36. Be5 f6 37. Bg3 g5 38. f4 f5 39. fxg5 Qxd4 40. Qxd4 Bxd4 41. gxh6 e5 42. Be1 f4 43. h4 Kxh6 44. Kh3 Kh5 45. g4+ Kg6 46. h5+ Kg5 47. Bh4+ Kh6 48. Kg2 e4 49. Be1 Kg5 50. Kh3 Be5 51. Bh4+ Kh6 52. Be1 Bd6 53. Bh4 Bc5 54. Be1 Bd4 55. Kh4 Bf6+ 56. Kh3 f3 57. Bd2+ Bg5 58. Bxg5+ Kxg5 59. Kg3 b4 60. Kf2 Kf4 61. h6 e3+ 62. Ke1 Kg3 63. h7 f2+ 64. Ke2 Kg2 65. h8Q f1Q+ 66. Kxe3 Qf3+ 67. Kd2 Qxb3 68. Qd4 Qa2+ 69. Kc1 Qa4 70. g5 Kg3 71. Qd3+ Kf4 72. g6 b3 73. Qc3 Qe8 74. g7 Qg8 75. Qf6+ Kg4 76. Kb2 Qc4 77. Qg6+ 1-0